2010s Oscar Original Score Nominees - Statistics

General Stats
  • This quiz has been taken 133 times
  • The average score is 12 of 33
Answer Stats
Movie Director % Correct
The Adventures of Tintin, War Horse, Lincoln, The Book Thief, Star Wars: The Force Awakens, Star Wars: The Last Jedi John Williams
98%
Inception, Interstellar, Dunkirk, Sherlock Holmes Hans Zimmer
86%
The King's Speech, Philomena, The Grand Budapest Hotel, The Imitation Game, The Shape of Water, Isle of Dogs, Fantastic Mr. Fox Alexandre Desplat
71%
The Hateful Eight Ennio Morricone
69%
Up Michael Giacchino
65%
Black Panther Ludwig Göransson
63%
The Social Network Atticus Ross
61%
The Social Network Trent Reznor
59%
Skyfall, Saving Mr. Banks, Bridge of Spies, Passengers Thomas Newman
57%
La La Land Justin Hurwitz
55%
Avatar James Horner
51%
How to Train Your Dragon John Powell
47%
The Theory of Everything, Sicario Jóhann Jóhannsson
45%
Gravity Steven Price
41%
Hugo Howard Shore
35%
Carol, Three Billboards Outside Ebbing, Missouri Carter Burwell
31%
Phantom Thread Jonny Greenwood
31%
Moonlight, If Beale Street Could Talk Nicholas Britell
29%
127 Hours A. R. Rahman
27%
Life of Pi Mychael Danna
27%
BlacKkKlansman Terence Blanchard
24%
Anna Karenia Dario Marianelli
20%
The Artist Ludovic Bource
20%
Mary Poppins Returns Marc Shaiman
20%
Tinker Tailor Soldier Spy Alberto Iglesias
16%
Jackie Micachu
16%
The Hurt Locker Marco Beltrami
12%
Her Owen Pallett
10%
The Hurt Locker Buck Sanders
8%
Mr. Turner Gary Yershon
8%
Her Will Butler
8%
Lion Hauschka
6%
Lion Dustin O'Holloran
4%
No matching quizzes found
Score Distribution
Percent of People with Each Score
Percentile by Number Answered
Your Score History
You have not taken this quiz